Tilastot visalle 1900-luvun valtionpäämiehiä

Klikkaa tästä pelataksesi tätä visaa!

Yleistilastot

  • Tätä visaa on pelattu 50 kertaa
  • Keskiarvotulos 37 / 68

Vastaustilastot

Vastaus% Oikein
Adolf Hitler
94%
C. G. E. Mannerheim
94%
Josif Stalin
94%
John F. Kennedy
91%
Kyösti Kallio
91%
Urho Kekkonen
91%
Elisabeth II
88%
K. J. Ståhlberg
88%
Risto Ryti
88%
Nikolai II
85%
Benito Mussolini
82%
Mao Zedong
82%
Mauno Koivisto
82%
Ronald Reagan
82%
Fidel Castro
79%
J. K. Paasikivi
79%
P. E. Svinhufvud
79%
Bill Clinton
76%
Lauri Kristian Relander
76%
Francisco Franco
74%
Franklin D. Roosevelt
74%
Kaarle XVI Kustaa
74%
Martti Ahtisaari
71%
Richard Nixon
71%
Boris Jeltsin
68%
Hirohito
68%
Nelson Mandela
68%
Harry S. Truman
65%
Idi Amin
62%
Saddam Hussein
62%
Josip Broz Tito
56%
Lyndon B. Johnson
56%
Mihail Gorbatšov
56%
Charles de Gaulle
50%
Gerald Ford
50%
Jimmy Carter
50%
Leonid Brežnev
50%
Woodrow Wilson
50%
Yrjö VI
50%
Dwight D. Eisenhower
47%
Muammar Gaddafi
47%
Aljaksandr Lukašenka
44%
Kim Il-sung
44%
Kim Jong-il
41%
Mobutu Sese Seko
41%
Nikita Hruštšov
38%
Pol Pot
38%
Harald V
35%
Kemal Atatürk
32%
Robert Mugabe
32%
Augusto Pinochet
29%
Haakon VII
29%
Ho Tši Minh
29%
Juri Andropov
29%
George H. W. Bush
26%
Lech Wałęsa
26%
Margareeta II
26%
Enver Hoxha
24%
Gamal Abdel Nasser
24%
Nicolae Ceaușescu
24%
Olavi V
24%
Frederik IX
21%
Georgi Malenkov
21%
Mohammad Reza Pahlavi
21%
Anwar Sadat
18%
Tšiang Kai-šek
18%
Konstantin Tšernenko
12%
Kustaa VI Aadolf
12%

Tulosjakauma

Persentiili vastausten määrän mukaan

Jokaisen tuloksen saaneiden osuus

Tuloshistoriasi

Et ole pelannut tätä visaa